All 10k+ cities in Mississippi on a Map - Statistics

General Stats
  • This quiz has been taken 192 times
  • The average score is 20 of 42
Answers on the Map
Answers color-coded by a green-red scale on the quiz's map according to % correct below.
 
Answer Stats
City Population % Correct
Jackson 153,701
98%
Biloxi 49,449
88%
Gulfport 72,926
87%
Hattiesburg 48,730
83%
Tupelo 37,923
83%
Southaven 54,648
77%
Vicksburg 21,573
77%
Oxford 25,416
76%
Meridian 35,052
67%
Natchez 14,520
65%
Greenville 29,670
62%
Starkville 24,360
62%
Pascagoula 22,010
61%
Pearl 27,115
52%
Madison 27,747
51%
Olive Branch 39,711
51%
Columbus 24,084
46%
Yazoo City 10,316
45%
Clarksdale 14,903
43%
Hernando 17,138
43%
Brandon 25,138
41%
Greenwood 14,490
40%
Horn Lake 26,736
40%
Clinton 28,100
39%
Corinth 14,622
39%
Ridgeland 24,340
39%
Laurel 17,161
38%
Ocean Springs 17,442
38%
Grenada 12,700
37%
Cleveland 11,199
35%
Petal 11,010
35%
West Point 10,105
33%
Canton 10,948
32%
Brookhaven 11,674
30%
McComb 12,413
30%
Picayune 11,885
30%
Flowood 10,202
29%
D'Iberville 12,721
28%
Long Beach 16,780
28%
Moss Point 12,147
24%
Gautier 19,024
23%
Byram 12,666
21%
No matching quizzes found
Score Distribution
Percent of People with Each Score
Percentile by Number Answered
Your Score History
You have not taken this quiz